000 00277nam a22001217a 4500
008 180215b xxu||||| |||| 00| 0 eng d
041 _aeng
080 _a321
100 _a19
101 _aSHP
245 _aThe Rise and Fall of the Great Powers
_cKennedy, P
942 _2udc
_cBK
999 _c42606
_d42606